[Event "CRO-chT1A 31st"]
[Site "Veli Losinj"]
[Date "2023.10.16"]
[Round "6.6"]
[White "Saric, Luka"]
[Black "Biliskov, Vjekoslav"]
[Result "1/2-1/2"]
[WhiteElo "2170"]
[BlackElo "2239"]
[PlyCount "37"]
[EventDate "2023.10.11"]
[EventType "team-tourn"]
[EventRounds "7"]
[EventCountry "CRO"]
[SourceTitle "Mega2024 Update 01"]
[Source "Chessbase"]
[SourceDate "2023.11.12"]
[SourceVersion "1"]
[SourceVersionDate "2023.11.12"]
[SourceQuality "1"]
[WhiteTeam "Split Mornar"]
[BlackTeam "Bibinje Goran"]
[WhiteTeamCountry "CRO"]
[BlackTeamCountry "CRO"]

1. Nf3 Nf6 2. c4 e6 3. b3 b6 4. g3 Bb7 5. Bg2 Be7 6. 0-0 0-0 7. Bb2 d5 8. e3 c5 9. cxd5 exd5 10. d4 Nbd7 11. dxc5 bxc5 12. Nc3 Re8 13. Qc2 Bf8 14. Rfd1 h6 15. Nh4 Nb6 16. Ne2 Ne4 17. Nc3 Nf6 18. Ne2 Ne4 19. Nc3 1/2-1/2

[Event "CRO-chT1A 31st"]
[Site "Veli Losinj"]
[Date "2023.10.12"]
[Round "2.5"]
[White "Glavas, Dragan"]
[Black "Biliskov, Vjekoslav"]
[Result "1-0"]
[WhiteElo "2241"]
[BlackElo "2239"]
[PlyCount "49"]
[EventDate "2023.10.11"]
[EventType "team-tourn"]
[EventRounds "7"]
[EventCountry "CRO"]
[SourceTitle "Mega2024 Update 01"]
[Source "Chessbase"]
[SourceDate "2023.11.12"]
[SourceVersion "1"]
[SourceVersionDate "2023.11.12"]
[SourceQuality "1"]
[WhiteTeam "Pula"]
[BlackTeam "Bibinje Goran"]
[WhiteTeamCountry "CRO"]
[BlackTeamCountry "CRO"]

1. d4 Nf6 2. c4 e6 3. Nc3 Bb4 4. Bd2 0-0 5. e3 d5 6. Nf3 b6 7. Be2 Bb7 8. 0-0 Nbd7 9. Nxd5 Nxd5 10. cxd5 Bxd2 11. dxe6 Bxe3 12. exf7+ Rxf7 13. fxe3 Kh8 14. Qb3 Qe7 15. Rae1 Raf8 16. e4 c5 17. Bb5 Rf4 18. Bxd7 Qxd7 19. d5 Ba6 20. Rf2 Qg4 21. Qe3 Qh5 22. e5 R4f5 23. e6 Rxd5 24. e7 Re8 25. Ng5 1-0

[Event "Split op 12th"]
[Site "Split"]
[Date "2023.08.13"]
[Round "9"]
[White "Bacetic, Marin"]
[Black "Biliskov, Vjekoslav"]
[Result "0-1"]
[WhiteElo "2069"]
[BlackElo "2262"]
[PlyCount "66"]
[EventDate "2023.08.05"]
[EventType "swiss"]
[EventRounds "9"]
[EventCountry "CRO"]
[SourceTitle "CBM 215 Extra"]
[Source "ChessBase"]
[SourceDate "2023.09.30"]
[SourceVersion "1"]
[SourceVersionDate "2023.09.30"]
[SourceQuality "1"]

1. d4 Nf6 2. c4 e6 3. g3 Bb4+ 4. Bd2 Be7 5. Bg2 d5 6. Qc2 0-0 7. Nf3 c6 8. 0-0 Nbd7 9. Rd1 Ne4 10. Be3 f5 11. Ne1 g5 12. f3 Nd6 13. c5 Nf7 14. f4 gxf4 15. gxf4 Nf6 16. Nc3 Bd7 17. Kh1 Kh8 18. b4 Rg8 19. Nf3 Qf8 20. Bf2 Qh6 21. e3 Ng4 22. Rg1 Rg6 23. Qe2 Rag8 24. Bf1 Qh5 25. Rg2 Bf6 26. Bg1 Rh6 27. Nd1 Qg6 28. Nf2 Rh5 29. Nxg4 fxg4 30. Ng5 Nxg5 31. Rxg4 e5 32. Rg3 exf4 33. exf4 Qe4+ 0-1

[Event "Split op 12th"]
[Site "Split"]
[Date "2023.08.12"]
[Round "8"]
[White "Biliskov, Vjekoslav"]
[Black "Andrzejewska, Anna"]
[Result "1/2-1/2"]
[WhiteElo "2262"]
[BlackElo "1923"]
[PlyCount "77"]
[EventDate "2023.08.05"]
[EventType "swiss"]
[EventRounds "9"]
[EventCountry "CRO"]
[SourceTitle "CBM 215 Extra"]
[Source "ChessBase"]
[SourceDate "2023.09.30"]
[SourceVersion "1"]
[SourceVersionDate "2023.09.30"]
[SourceQuality "1"]

1. d4 d5 2. c4 e6 3. Nc3 c6 4. Nf3 dxc4 5. a4 Bb4 6. e3 b5 7. Bd2 a5 8. axb5 Bxc3 9. Bxc3 cxb5 10. b3 Bb7 11. bxc4 b4 12. Bb2 Nf6 13. Bd3 0-0 14. 0-0 Nbd7 15. Nd2 Qc7 16. f4 Rfd8 17. Qe2 a4 18. Rab1 Rdb8 19. e4 Bc6 20. e5 Ne8 21. f5 exf5 22. d5 Bb7 23. Bxf5 Nc5 24. d6 Qc6 25. Bxh7+ Kxh7 26. Qh5+ Kg8 27. Qxf7+ Kh7 28. Rf3 Qxf3 29. Nxf3 Bxf3 30. Qxf3 a3 31. d7 Nc7 32. Bd4 N7e6 33. Bxc5 Nxc5 34. Qf5+ Kg8 35. Rf1 a2 36. Qf7+ Kh7 37. Qh5+ Kg8 38. e6 a1Q 39. Qxc5 1/2-1/2

[Event "Split op 12th"]
[Site "Split"]
[Date "2023.08.05"]
[Round "1"]
[White "Milas, Marko"]
[Black "Biliskov, Vjekoslav"]
[Result "0-1"]
[WhiteElo "1735"]
[BlackElo "2262"]
[PlyCount "126"]
[EventDate "2023.08.05"]
[EventType "swiss"]
[EventRounds "9"]
[EventCountry "CRO"]
[SourceTitle "CBM 215 Extra"]
[Source "ChessBase"]
[SourceDate "2023.09.30"]
[SourceVersion "1"]
[SourceVersionDate "2023.09.30"]
[SourceQuality "1"]

1. d4 Nf6 2. c4 e6 3. Nf3 Bb4+ 4. Bd2 Bxd2+ 5. Nbxd2 d6 6. e4 Nc6 7. Bd3 0-0 8. a3 e5 9. d5 Ne7 10. h3 Ng6 11. g3 h6 12. Nf1 c6 13. Ne3 cxd5 14. cxd5 Bd7 15. Kf1 Nh7 16. Rc1 Ne7 17. g4 Ng6 18. Kg2 Nf4+ 19. Kg3 b5 20. Ng2 Nxd3 21. Qxd3 Qb6 22. Ne3 Rfc8 23. Nf5 Bxf5 24. gxf5 Nf6 25. Nd2 Nh5+ 26. Kf3 Nf4 27. Qe3 Qd8 28. Rxc8 Rxc8 29. h4 Rc2 30. b4 Qc7 31. Nb1 Re2 32. Qc3 Rc2 33. Qxc7 Rxc7 34. Re1 g6 35. fxg6 fxg6 36. Re3 Kf7 37. Rc3 Rxc3+ 38. Nxc3 a6 39. a4 bxa4 40. Nxa4 Nd3 41. Nb6 Ke7 42. Nc4 Nxb4 43. Kg4 Nd3 44. f3 Nc5 45. Na5 Kf6 46. Nc4 h5+ 47. Kg3 Nb7 48. f4 a5 49. fxe5+ dxe5 50. Nb6 Nc5 51. Kf3 a4 52. Nc4 g5 53. hxg5+ Kxg5 54. Na3 h4 55. Nc4 h3 56. Kg3 h2 57. Kxh2 Kf4 58. Kg2 Kxe4 59. d6 Kd5 60. d7 Nxd7 61. Na3 Kd4 62. Kf2 Kc3 63. Ke3 Kb3 0-1

[Event "CRO-chT1B 30th"]
[Site "Porec"]
[Date "2022.09.30"]
[Round "7.36"]
[White "Pecnik, Leo"]
[Black "Biliskov, Vjekoslav"]
[Result "1/2-1/2"]
[WhiteElo "2317"]
[BlackElo "2245"]
[PlyCount "48"]
[EventDate "2022.09.24"]
[EventType "team-tourn"]
[EventRounds "9"]
[EventCountry "CRO"]
[SourceTitle "CBM 210 Extra"]
[Source "ChessBase"]
[SourceDate "2022.11.30"]
[SourceVersion "1"]
[SourceVersionDate "2022.11.30"]
[SourceQuality "1"]
[WhiteTeam "Zagreb Mladost"]
[BlackTeam "Bibinje Goran"]
[WhiteTeamCountry "CRO"]
[BlackTeamCountry "CRO"]

1. d4 Nf6 2. Nc3 d5 3. Bf4 g6 4. e3 Bg7 5. h4 h5 6. Nf3 0-0 7. Ne5 c5 8. Be2 Nc6 9. Qd2 Bf5 10. f3 Rc8 11. a3 cxd4 12. exd4 Qb6 13. 0-0-0 Rfd8 14. Kb1 Na5 15. Ka1 Nc4 16. Nxc4 dxc4 17. Be5 Qa5 18. g4 Be6 19. g5 Nd5 20. Bxg7 Kxg7 21. Nxd5 Qxd2 22. Rxd2 Bxd5 23. c3 Rd6 24. Rf1 e6 1/2-1/2

[Event "CRO-chT1B 30th"]
[Site "Porec"]
[Date "2022.09.28"]
[Round "5.45"]
[White "Biliskov, Vjekoslav"]
[Black "Vlahov, Davor"]
[Result "1/2-1/2"]
[WhiteElo "2245"]
[BlackElo "2196"]
[PlyCount "146"]
[EventDate "2022.09.24"]
[EventType "team-tourn"]
[EventRounds "9"]
[EventCountry "CRO"]
[SourceTitle "CBM 210 Extra"]
[Source "ChessBase"]
[SourceDate "2022.11.30"]
[SourceVersion "1"]
[SourceVersionDate "2022.11.30"]
[SourceQuality "1"]
[WhiteTeam "Bibinje Goran"]
[BlackTeam "Pozega"]
[WhiteTeamCountry "CRO"]
[BlackTeamCountry "CRO"]

1. d4 Nf6 2. c4 e6 3. Nc3 d5 4. Bg5 Be7 5. e3 h6 6. Bh4 Nbd7 7. Nf3 a6 8. cxd5 Nxd5 9. Bxe7 Qxe7 10. Bd3 Nxc3 11. bxc3 b6 12. 0-0 Bb7 13. e4 e5 14. a4 0-0 15. Re1 Rfd8 16. Qe2 Qf6 17. Rad1 g6 18. h3 Kg7 19. Bc2 Rac8 20. Bd3 Ra8 21. Rd2 Kg8 22. Red1 Re8 23. Bc2 Rac8 24. Bd3 Ra8 25. Bc2 Rac8 26. Nh2 h5 27. f3 Qf4 28. Nf1 h4 29. Ne3 Kg7 30. Nc4 a5 31. Qf2 Ba6 32. Ne3 Nf6 33. Bb3 Re7 34. Bc4 Bxc4 35. Nxc4 Nd7 36. Ne3 Nf6 37. d5 Rd7 38. c4 Ne8 39. c5 bxc5 40. Nc4 Nd6 41. Qxc5 Ra8 42. Nb2 Re7 43. Nd3 Qg3 44. Rb2 f5 45. Nf2 Kh7 46. Qc1 Kg7 47. Rc2 Ra7 48. Qe3 Rb7 49. Rdc1 Qf4 50. Qxf4 exf4 51. Nd3 fxe4 52. fxe4 Nxe4 53. Nxf4 Ng5 54. Rc6 Rb4 55. Rxg6+ Kh7 56. Rxg5 Rxf4 57. Rg4 Rxg4 58. hxg4 Re4 59. Rxc7+ Kg6 60. d6 Rxa4 61. d7 Rd4 62. Ra7 a4 63. Kf2 a3 64. Ke3 Rd1 65. Kf4 a2 66. Ra6+ Kg7 67. Rxa2 Rxd7 68. Kg5 Rc7 69. Kxh4 Rc4 70. Kh5 Rc7 71. Kh4 Rc1 72. Rd2 Rc7 73. g5 Rb7 1/2-1/2

[Event "CRO-chT1B 29th"]
[Site "Mali Losinj"]
[Date "2021.10.03"]
[Round "11.65"]
[White "Ascic, Pero"]
[Black "Biliskov, Vjekoslav"]
[Result "1-0"]
[WhiteElo "2289"]
[BlackElo "2327"]
[PlyCount "63"]
[EventDate "2021.09.25"]
[EventType "team-tourn"]
[EventRounds "11"]
[EventCountry "CRO"]
[SourceTitle "CBM 204 Extra"]
[Source "ChessBase"]
[SourceDate "2021.11.30"]
[SourceVersion "1"]
[SourceVersionDate "2021.11.30"]
[SourceQuality "1"]
[WhiteTeam "Djakovo Limmont"]
[BlackTeam "Bibinje Goran"]
[WhiteTeamCountry "CRO"]
[BlackTeamCountry "CRO"]

1. d4 d5 2. Nf3 e6 3. c4 Bb4+ 4. Bd2 a5 5. e3 Nf6 6. Nc3 0-0 7. a3 Be7 8. Bd3 b6 9. 0-0 Ba6 10. Qe2 Nbd7 11. Rfd1 Rc8 12. e4 dxe4 13. Nxe4 c5 14. dxc5 Nxc5 15. Nxc5 bxc5 16. b4 axb4 17. axb4 Bb7 18. b5 Ra8 19. Bc3 Rxa1 20. Rxa1 Qc7 21. Ne5 Rd8 22. Ba5 Ra8 23. Bxc7 Rxa1+ 24. Qf1 Rxf1+ 25. Kxf1 Ne8 26. Bb6 Nf6 27. Nc6 Bd6 28. Na5 Ba8 29. Ba7 Nd7 30. b6 Bb8 31. Bxb8 Nxb8 32. b7 1-0

[Event "Split op 9th"]
[Site "Split"]
[Date "2019.08.10"]
[Round "8"]
[White "Moreby, James"]
[Black "Biliskov, Vjekoslav"]
[Result "0-1"]
[WhiteElo "2108"]
[BlackElo "2312"]
[PlyCount "68"]
[EventDate "2019.08.03"]
[EventType "swiss"]
[EventRounds "9"]
[EventCountry "CRO"]
[SourceTitle "CBM 191 Extra"]
[Source "ChessBase"]
[SourceDate "2019.09.30"]
[SourceVersion "1"]
[SourceVersionDate "2019.09.30"]
[SourceQuality "1"]

1. e4 c5 2. Nf3 a6 3. c4 Nc6 4. d4 cxd4 5. Nxd4 e5 6. Nc2 Bc5 7. Bd3 d6 8. 0-0 Nge7 9. Nc3 0-0 10. a3 Be6 11. Be3 Bxe3 12. Nxe3 Nd4 13. Ncd5 Nxd5 14. exd5 Bd7 15. b4 Qg5 16. g3 Rae8 17. Nc2 Ba4 18. f3 f5 19. Qc1 Qxc1 20. Raxc1 Bxc2 21. Bxc2 Ne2+ 22. Kf2 Nxc1 23. Rxc1 Rc8 24. Bb3 b6 25. a4 Kf7 26. Ke3 a5 27. b5 g5 28. Rf1 Kg6 29. Rf2 f4+ 30. Ke4 fxg3 31. hxg3 g4 32. f4 exf4 33. gxf4 Rce8+ 34. Kd4 h5 0-1

[Event "Split op 9th"]
[Site "Split"]
[Date "2019.08.08"]
[Round "6"]
[White "Beerdsen, Thomas"]
[Black "Biliskov, Vjekoslav"]
[Result "1-0"]
[WhiteElo "2491"]
[BlackElo "2312"]
[PlyCount "59"]
[EventDate "2019.08.03"]
[EventType "swiss"]
[EventRounds "9"]
[EventCountry "CRO"]
[SourceTitle "CBM 191 Extra"]
[Source "ChessBase"]
[SourceDate "2019.09.30"]
[SourceVersion "1"]
[SourceVersionDate "2019.09.30"]
[SourceQuality "1"]

1. e4 c5 2. Nf3 a6 3. Nc3 e6 4. d4 cxd4 5. Nxd4 Qc7 6. Bd3 Nf6 7. 0-0 Bc5 8. Nb3 Ba7 9. Qf3 Nc6 10. Bf4 d6 11. Rad1 Ne5 12. Qe2 Bd7 13. Kh1 h5 14. Be3 Bxe3 15. Qxe3 h4 16. h3 0-0-0 17. Be2 Kb8 18. Rd2 Nh5 19. Rfd1 Bc6 20. Nd4 Ng6 21. b4 Be8 22. Rb1 Nhf4 23. Bf1 d5 24. b5 e5 25. bxa6 exd4 26. Rxd4 Bc6 27. axb7 dxe4 28. Rc4 Ne5 29. Nb5 Qxb7 30. Qxf4 1-0

[Event "Zadar op-A 25th"]
[Site "Zadar"]
[Date "2018.12.18"]
[Round "5"]
[White "Petrov, Nikita"]
[Black "Biliskov, Vjekoslav"]
[Result "1-0"]
[WhiteElo "2593"]
[BlackElo "2313"]
[PlyCount "45"]
[EventDate "2018.12.15"]
[EventType "swiss"]
[EventRounds "9"]
[EventCountry "CRO"]
[SourceTitle "CBM 187 Extra"]
[Source "ChessBase"]
[SourceDate "2018.11.04"]
[SourceVersion "1"]
[SourceVersionDate "2018.11.04"]
[SourceQuality "1"]

1. e4 c5 2. Nf3 d6 3. d4 cxd4 4. Nxd4 Nf6 5. Nc3 Nc6 6. f3 g6 7. Be3 Bg7 8. Qd2 0-0 9. 0-0-0 d5 10. Kb1 e6 11. g4 Re8 12. Bb5 Bd7 13. Bxc6 Bxc6 14. e5 Nd7 15. f4 f6 16. f5 Nf8 17. g5 fxe5 18. Nxc6 bxc6 19. f6 d4 20. fxg7 Kxg7 21. Ne4 dxe3 22. Qc3 Qc7 23. Rd6 1-0

[Event "Split op 8th"]
[Site "Split"]
[Date "2018.08.17"]
[Round "7"]
[White "Biliskov, Vjekoslav"]
[Black "Kolaric, Spela"]
[Result "0-1"]
[WhiteElo "2311"]
[BlackElo "2095"]
[PlyCount "58"]
[EventDate "2018.08.12"]
[EventType "swiss"]
[EventRounds "9"]
[EventCountry "CRO"]
[SourceTitle "CBM 186 Extra"]
[Source "ChessBase"]
[SourceDate "2018.08.24"]
[SourceVersion "1"]
[SourceVersionDate "2018.08.24"]
[SourceQuality "1"]

1. d4 Nf6 2. c4 e6 3. Nf3 d5 4. Bg5 Be7 5. Nc3 0-0 6. e3 h6 7. Bh4 b6 8. Bd3 Bb7 9. 0-0 Nbd7 10. Qe2 Ne4 11. Bg3 Rc8 12. Rad1 Bb4 13. cxd5 exd5 14. Ba6 Bxa6 15. Qxa6 Bxc3 16. bxc3 Nxc3 17. Rc1 Nb8 18. Qxa7 Ne2+ 19. Kh1 Nxc1 20. Rxc1 c6 21. Ne5 c5 22. dxc5 Nc6 23. Qa6 Nxe5 24. Bxe5 Rxc5 25. Rd1 Rc2 26. Kg1 Qh4 27. g3 Qh5 28. Qd3 Rxa2 29. Qxd5 Ra5 0-1

[Event "Zadar op-A 24th"]
[Site "Zadar"]
[Date "2017.12.14"]
[Round "7"]
[White "Biliskov, Vjekoslav"]
[Black "Rudolf, Michal"]
[Result "0-1"]
[WhiteElo "2291"]
[BlackElo "2349"]
[PlyCount "98"]
[EventDate "2017.12.09"]
[EventType "swiss"]
[EventRounds "9"]
[EventCountry "CRO"]
[SourceTitle "CBM 182 Extra"]
[Source "ChessBase"]
[SourceDate "2018.02.23"]
[SourceVersion "1"]
[SourceVersionDate "2018.02.23"]
[SourceQuality "1"]

1. e4 c6 2. d4 d5 3. Nc3 dxe4 4. Nxe4 Bf5 5. Ng3 Bg6 6. Nh3 e6 7. Nf4 Bd6 8. Nxg6 hxg6 9. Ne4 Nf6 10. Ng5 Nbd7 11. g3 Qa5+ 12. c3 Qd5 13. Qf3 Qxf3 14. Nxf3 0-0-0 15. Bg2 e5 16. 0-0 exd4 17. Nxd4 Bc5 18. Bf4 Nf8 19. Nb3 Bb6 20. h4 N8d7 21. Rae1 Rhe8 22. Bh3 Bc7 23. Bg5 Kb8 24. Kg2 Ne5 25. Nc5 Ka8 26. Re2 Rd5 27. Bxf6 gxf6 28. Nd7 Rd8 29. Nxf6 Rd2 30. Rxd2 Rxd2 31. Re1 Rxb2 32. g4 a5 33. h5 gxh5 34. gxh5 Nd3 35. Re8+ Ka7 36. Re3 Rxf2+ 37. Kg1 Bb6 38. Rxd3 Rd2+ 39. Rd4 Rxd4 40. cxd4 Bxd4+ 41. Kf1 Bxf6 42. Ke2 Kb6 43. Bc8 Kc7 44. Bf5 Bg7 45. Kd3 Kd6 46. a4 Kc5 47. Bd7 Kb4 48. Bc8 b5 49. Bd7 Kxa4 0-1

[Event "Zadar op-A 24th"]
[Site "Zadar"]
[Date "2017.12.13"]
[Round "6"]
[White "Zelic, Mladen"]
[Black "Biliskov, Vjekoslav"]
[Result "0-1"]
[WhiteElo "2321"]
[BlackElo "2291"]
[PlyCount "80"]
[EventDate "2017.12.09"]
[EventType "swiss"]
[EventRounds "9"]
[EventCountry "CRO"]
[SourceTitle "CBM 182 Extra"]
[Source "ChessBase"]
[SourceDate "2018.02.23"]
[SourceVersion "1"]
[SourceVersionDate "2018.02.23"]
[SourceQuality "1"]

1. e4 c5 2. d4 cxd4 3. c3 dxc3 4. Nxc3 Nc6 5. Nf3 d6 6. Bc4 a6 7. 0-0 Nf6 8. Bf4 e6 9. Qe2 Nh5 10. Be3 Be7 11. Rfd1 Bd7 12. Nd4 Nf6 13. Nxc6 bxc6 14. Bxa6 0-0 15. b4 d5 16. a3 Qb8 17. Bd3 e5 18. exd5 cxd5 19. Bg5 Be6 20. Bc2 e4 21. Bh4 Rc8 22. Bg3 Qa7 23. Nb5 Qa6 24. Bb3 Bg4 25. f3 exf3 26. gxf3 Bxf3 27. Qxf3 Qxb5 28. Be5 Ra6 29. Kh1 Re6 30. Bxf6 Bxf6 31. Rxd5 Qb6 32. Rg1 Re3 33. Qf5 Rce8 34. Rb5 Qd4 35. Bd5 Re1 36. Rf1 g6 37. Qf3 Rxf1+ 38. Qxf1 Qd2 39. Bxf7+ Kxf7 40. Rb7+ Kg8 0-1

[Event "Zadar op-A 24th"]
[Site "Zadar"]
[Date "2017.12.12"]
[Round "5"]
[White "Biliskov, Vjekoslav"]
[Black "Morgunov, Marc"]
[Result "1-0"]
[WhiteElo "2291"]
[BlackElo "2133"]
[PlyCount "103"]
[EventDate "2017.12.09"]
[EventType "swiss"]
[EventRounds "9"]
[EventCountry "CRO"]
[SourceTitle "CBM 182 Extra"]
[Source "ChessBase"]
[SourceDate "2018.02.23"]
[SourceVersion "1"]
[SourceVersionDate "2018.02.23"]
[SourceQuality "1"]

1. e4 c5 2. Nf3 d6 3. d4 cxd4 4. Nxd4 Nf6 5. Nc3 a6 6. Be3 e5 7. Nb3 Be6 8. f3 h5 9. Qd2 Nbd7 10. Nd5 Bxd5 11. exd5 g6 12. 0-0-0 Nb6 13. Kb1 Nfxd5 14. Bf2 Bh6 15. Qe1 Qc7 16. c4 Ne7 17. Qa5 Nec8 18. c5 dxc5 19. Bxc5 f6 20. Bc4 Rb8 21. Be6 Rh7 22. Rd3 Na8 23. Qa4+ Qc6 24. Rhd1 Ncb6 25. Qxc6+ bxc6 26. Na5 Nc7 27. Bg8 Rd7 28. Nxc6 Rc8 29. Bxb6 Rxd3 30. Rxd3 Na8 31. Be6 Rxc6 32. Bd7+ Ke7 33. Bxc6 Nxb6 34. a4 a5 35. b4 Nc4 36. bxa5 Nxa5 37. Bd5 f5 38. Kc2 Kf6 39. Kc3 Bf8 40. Rd1 g5 41. Rb1 Bd6 42. Rb5 Bc7 43. Kb4 g4 44. Rxa5 Bxa5+ 45. Kxa5 Kg5 46. Kb4 h4 47. fxg4 Kxg4 48. a5 e4 49. a6 h3 50. gxh3+ Kxh3 51. a7 e3 52. a8Q 1-0

[Event "Zadar op-A 24th"]
[Site "Zadar"]
[Date "2017.12.10"]
[Round "2"]
[White "Biliskov, Vjekoslav"]
[Black "Unuk, Laura"]
[Result "1-0"]
[WhiteElo "2291"]
[BlackElo "2334"]
[PlyCount "121"]
[EventDate "2017.12.09"]
[EventType "swiss"]
[EventRounds "9"]
[EventCountry "CRO"]
[SourceTitle "CBM 182 Extra"]
[Source "ChessBase"]
[SourceDate "2018.02.23"]
[SourceVersion "1"]
[SourceVersionDate "2018.02.23"]
[SourceQuality "1"]

1. c4 c5 2. Nf3 Nf6 3. g3 Nc6 4. Bg2 g6 5. Nc3 Bg7 6. d4 cxd4 7. Nxd4 0-0 8. 0-0 Nxd4 9. Qxd4 d6 10. Qd3 Bf5 11. e4 Be6 12. Bd2 Nd7 13. b3 Ne5 14. Qe2 Rc8 15. Rac1 a6 16. Nd5 Rb8 17. Be3 b5 18. c5 Bxd5 19. exd5 dxc5 20. Bxc5 Re8 21. Rfd1 Nd7 22. Be3 Rc8 23. Rc6 Qa5 24. Rdc1 Rcd8 25. Bf4 Qa3 26. Bc7 Ra8 27. Qd2 b4 28. d6 Bc3 29. Qc2 Rac8 30. Rd1 exd6 31. Bxd6 Qa5 32. Bxb4 Qxb4 33. Rxc8 Rxc8 34. Rxd7 Re8 35. Bd5 Re1+ 36. Kg2 Qb5 37. Bxf7+ Kf8 38. Qd3 Qc6+ 39. Qd5 Qxd5+ 40. Bxd5 Re7 41. Rd8+ Kg7 42. Bc4 a5 43. f4 h6 44. g4 Re1 45. Kf3 Rh1 46. Rd7+ Kh8 47. Rd6 Kg7 48. Bd3 Rxh2 49. Rxg6+ Kf7 50. Rc6 Bb4 51. Ke4 Rxa2 52. Rxh6 a4 53. bxa4 Rxa4 54. Bc4+ Kg7 55. Rc6 Bc3 56. g5 Bd2 57. Kf5 Ra5+ 58. Kg4 Ra1 59. Rc7+ Kh8 60. g6 Rg1+ 61. Kf5 1-0

[Event "CRO-chT1B 26th"]
[Site "Mali Losinj"]
[Date "2017.10.05"]
[Round "8.45"]
[White "Franic, Milan"]
[Black "Biliskov, Vjekoslav"]
[Result "0-1"]
[WhiteElo "2356"]
[BlackElo "2271"]
[PlyCount "84"]
[EventDate "2017.09.28"]
[EventType "team-tourn"]
[EventRounds "9"]
[EventCountry "CRO"]
[SourceTitle "EXT 2018"]
[Source "ChessBase"]
[SourceDate "2017.10.13"]
[SourceVersion "1"]
[SourceVersionDate "2017.10.13"]
[SourceQuality "1"]
[WhiteTeam "Pula"]
[BlackTeam "Bibinje Goran"]
[WhiteTeamCountry "CRO"]
[BlackTeamCountry "CRO"]

1. d4 d6 2. c4 e5 3. Nc3 exd4 4. Qxd4 Nc6 5. Qd2 Nf6 6. g3 Be6 7. Nd5 Ne5 8. b3 Bxd5 9. cxd5 Be7 10. Bg2 0-0 11. Nh3 a5 12. 0-0 a4 13. Bb2 axb3 14. axb3 Qd7 15. f4 Neg4 16. Qd3 h6 17. Rac1 Rfe8 18. Rc2 Bd8 19. Bd4 Ra5 20. e4 Qb5 21. Rc4 Ra3 22. Rb1 Ra2 23. Nf2 Nxf2 24. Bxf2 Ng4 25. Bd4 f5 26. Re1 Qxd5 27. h3 Rxg2+ 28. Kxg2 fxe4 29. Qe2 b5 30. Qxg4 Re7 31. Qc8 bxc4 32. Qxd8+ Kf7 33. Bxg7 Qd2+ 34. Kf1 Qd3+ 35. Re2 Qd1+ 36. Kf2 e3+ 37. Rxe3 Qd2+ 38. Kf1 Qxe3 39. Qf8+ Ke6 40. Qc8+ Kd5 41. Qb7+ c6 42. bxc4+ Kc5 0-1

[Event "CRO-chT1B 26th"]
[Site "Mali Losinj"]
[Date "2017.10.02"]
[Round "5.45"]
[White "Biliskov, Vjekoslav"]
[Black "Vernacki, Srdjan"]
[Result "0-1"]
[WhiteElo "2271"]
[BlackElo "2324"]
[PlyCount "96"]
[EventDate "2017.09.28"]
[EventType "team-tourn"]
[EventRounds "9"]
[EventCountry "CRO"]
[SourceTitle "EXT 2018"]
[Source "ChessBase"]
[SourceDate "2017.10.13"]
[SourceVersion "1"]
[SourceVersionDate "2017.10.13"]
[SourceQuality "1"]
[WhiteTeam "Bibinje Goran"]
[BlackTeam "Strigova Stridon"]
[WhiteTeamCountry "CRO"]
[BlackTeamCountry "CRO"]

1. e4 c5 2. Nf3 e6 3. d4 cxd4 4. Nxd4 a6 5. Nc3 Qc7 6. Bd3 Nf6 7. 0-0 d6 8. f4 Be7 9. Kh1 Nbd7 10. Qe2 0-0 11. Bd2 g6 12. f5 Ne5 13. Bh6 Re8 14. Bg5 Qd8 15. Nf3 Nh5 16. Bxe7 Qxe7 17. Nxe5 dxe5 18. Bc4 Nf4 19. Qf3 b5 20. Bb3 b4 21. fxe6 Bxe6 22. Nd5 Bxd5 23. exd5 Rf8 24. g3 Nh5 25. d6 Qxd6 26. Bxf7+ Kg7 27. Qd5 Qc7 28. Be6 Rad8 29. Qg2 a5 30. Rad1 Rxf1+ 31. Rxf1 Nf6 32. Bh3 e4 33. Qf2 Qe7 34. Qe3 Rd5 35. Re1 h5 36. Kg1 Re5 37. c4 bxc3 38. bxc3 Nd5 39. Qd4 e3 40. Bg2 Nf6 41. Bf3 Kh7 42. c4 Nd7 43. Qa7 Kh6 44. Bc6 Qb4 45. Rxe3 Qb1+ 46. Kg2 Qxa2+ 47. Kh3 Qf2 48. Qxd7 Rxe3 0-1